| 000 | 00623nam a2200169 i 4500 | ||
|---|---|---|---|
| 001 | 31826 | ||
| 003 | ES-MaACL | ||
| 005 | 20230906204355.0 | ||
| 007 | t| | ||
| 008 | 030130s1896 sp ||||1| spa d | ||
| 100 | 1 |
_aBecker, Jerónimo. _926948 |
|
| 245 | 1 | 3 |
_aLa tradición política española _b: apuntes par una biblioteca española de políticas y tratadistas de Filosofía política / _cJerónimo Becker. |
| 260 |
_aMadrid : _b[s.n., _c1896] ( _fPeaut) |
||
| 852 |
_aES-MaACL _jT-1033-F-1 |
||
| 852 |
_aES-MaACL _jT-1033-F _z- Enc. hol. conservando la cub. original _z- Enc. en un vol. facticio |
||
| 999 |
_c31826 _d31826 |
||